000 01851nam0a2200313 4500
001 RU\NLR\bibl\2076907
005 20260406063016.0
010 _a978-5-7931-0597-2
_95000
035 _a(NLR Aleph) 002071633
090 _a4761691
_c4761691
100 _a20130930d2008 |||y0rusy50 ca
101 0 _arus
102 _aRU
105 _aa |||||||||
200 1 _a"Нoвый" старый мир
_eкнига о концептуальной власти и об уникальном будущем России - основы мировой цивилизации
_eправдивая книга для мужчин и женщин, которая может изменить Россию через изменение Вашего мировоззрения
_fАлександр Драгункин
210 _aСанкт-Петербург
_cВремя чайки
_d2008
215 _a365, [3] с.
_cил.
_d20
225 1 _aВнутренний предиктор России
300 _aНа обл. подзаг.: руководство к действию по кардинальному преобразованию ситуации в России и в мире
606 1 _aМодернизация
_yРоссийская Федерация
_92400541
_3RU\NLR\auth\661430961
607 _aРоссийская Федерация
_xПолитика и управление
_xКритика
_92160931
_3RU\NLR\auth\661605139
686 _aТ3(2)74-03
686 _aТ3(2)74-31
700 1 _4070
_7ca
_8rus
_aДрагункин
_bА. Н.
_f1947-
_gАлександр Николаевич
_9122832
_3RU\NLR\auth\7713131
801 0 _aRU
_bNLR
_c20130930
_gRCR
801 1 _aRU
_bNLR
_c20130930
942 _cBOOK
980 _aNB